000 00590nai a2200181Ia 4500
003 IN-BaIIA
008 211028c9999 xx s 000 0 eng d
022 _a0168-6445 (Print)
022 _a1574-6976 (Online)
040 _cIIA Library
245 0 _aFEMS Microbiology Reviews
_h[eJournal]
260 _aNew Jersey
_bJohn Wiley & Sons
310 _aBimonthly
362 _a19(3); 1997 - 38(6); 2014
521 _bSubscribed through National Knowledge Resource Consortium (NKRC)
856 _uhttps://onlinelibrary.wiley.com/journal/15746976
_yClick Here to Access eJournal
942 _cEJ
999 _c34375
_d34375